Countries with the Most Facebook Users - Statistics

General Stats
  • This quiz has been taken 314 times
  • The average score is 8 of 11
Answer Stats
Users Country % Correct
183 United States
100%
269 India
93%
37 United Kingdom
93%
120 Brazil
87%
82 Mexico
87%
123 Indonesia
76%
38 Egypt
57%
37 Turkey
57%
68 Philippines
56%
47 Thailand
56%
59 Vietnam
52%
No matching quizzes found
Score Distribution
Percent of People with Each Score
Percentile by Number Answered
Your Score History
You have not taken this quiz